Ekonomické faktory ovplyvňujúce vstup SR do EMÚ

Predpokladaný vstup Slovenska do Európskej menovej únie /EMÚ/ - v druhej polovici 2006. Nevyhnutnosť znižovania miery inflácie. Nominálna konvergencia. Reálna konvergencia. Konsolidácia fiškálneho rozpočtu ako dôsledok začlenenia Slovenska do EMÚ.

Salvato in:
Dettagli Bibliografici
Autore principale: Kuruc, Radko
Altri autori: Zaťková, Elena, 1974-
Natura: Capitolo di libro
Lingua:slovacco
Soggetti:
Tags: Aggiungi Tag
Nessun Tag, puoi essere il primo ad aggiungerne!!

MARC

LEADER 00000naa a2200000 4500
001 r049672
005 20230825103235.7
041 0 |a slo 
044 |a SK 
245 1 0 |a Ekonomické faktory ovplyvňujúce vstup SR do EMÚ  |c Radko Kuruc, Elena Zaťková 
520 |a Predpokladaný vstup Slovenska do Európskej menovej únie /EMÚ/ - v druhej polovici 2006. Nevyhnutnosť znižovania miery inflácie. Nominálna konvergencia. Reálna konvergencia. Konsolidácia fiškálneho rozpočtu ako dôsledok začlenenia Slovenska do EMÚ. 
610 2 0 |a politika hospodárska nadnárodná 
610 2 0 |a euromena 
610 2 0 |a politika menová 
610 2 0 |a Slovensko 
610 2 0 |a Európska únia 
100 1 |a Kuruc, Radko 
700 1 |a Zaťková, Elena, 1974-